The High Court Miscellaneous Application Number 337 of 2006 Arising from H.C.C.S No.510 of 2004 Kisambira Sentamu Ismail Vs Ecima Elikana and Michael Mutaisa . (Record no. 4193)

MARC details
000 -LEADER
fixed length control field 00805nam a22001457a 4500
008 - FIXED-LENGTH DATA ELEMENTS--GENERAL INFORMATION
fixed length control field 110628t xxu||||| |||| 00| 0 eng d
010 ## - LIBRARY OF CONGRESS CONTROL NUMBER
LC control number HCMA F-107
245 ## - TITLE STATEMENT
Title The High Court Miscellaneous Application Number 337 of 2006 Arising from H.C.C.S No.510 of 2004 Kisambira Sentamu Ismail Vs Ecima Elikana and Michael Mutaisa .
260 ## - PUBLICATION, DISTRIBUTION, ETC. (IMPRINT)
Date of publication, distribution, etc 2006
500 ## - GENERAL NOTE
General note Before: Hon.Ag. Judge Remmy Kasule
Holdings
Withdrawn status Lost status Source of classification or shelving scheme Damaged status Koha normalized classification for sorting Not for loan Location (home branch) Sublocation or collection (holding branch) Shelving location Date acquired Koha issues (times borrowed) Koha full call number Piece designation (barcode) Koha date last seen Price effective from Koha item type
    Dewey Decimal Classification   HCMA_F107   Law Development Centre Main Library Law Development Centre Main Library Law Reports 06/28/2011   HCMA F107 337/2004/1 06/28/2011 06/28/2011 Un Reported Cases
    Dewey Decimal Classification   HCMA_F107   Law Development Centre Main Library Law Development Centre Main Library Law Reports 06/28/2011   HCMA F107 510/2004/1 06/28/2011 06/28/2011 Un Reported Cases
    Dewey Decimal Classification   HCMA_F107   Law Development Centre Main Library Law Development Centre Main Library Law Reports 06/28/2011   HCMA F107 510/2004/2 06/28/2011 06/28/2011 Un Reported Cases
    Dewey Decimal Classification   HCMA_F107   Law Development Centre Main Library Law Development Centre Main Library Law Reports 06/28/2011   HCMA F107 510/2004/3 06/28/2011 06/28/2011 Un Reported Cases